000 01032nam a22002057a 4500
003 OSt
005 20170502134615.0
008 150407b xxu||||| |||| 00| 0 eng d
040 _cCRI
082 _a372.7
100 _941155
_aEscobar Navarrete, Soledad Imelda
245 1 0 _aDiseño y elaboración de guiones de clases innovadores de matemática de noveno grado, de las primeras tres unidades (1, 2 y 3), para uso de los docentes de los departamentos de Cabañas y San Vicente
_b: Proyecto
_cSoledad Imelda Escobar Nvarrete, Héctor José Escoto
260 _aIlobasco (Cabañas)
_bUniversidad Católica de El Salvador
_c2011
300 _a148 p.
_c27 cm
_e+ 1 disco compacto
502 _aTrabajo de graduación para optar al grado académico de Licenciado/a en Ciencias de la Educación Especialidad en Matemática
650 0 _97302
_aMatemáticas
_xDidáctica
700 _941156
_aEscoto, Héctor José
710 _940915
_aUniversidad Católica de El Salvador
_bCentro Regional de Ilobasco
942 _2ddc
_cTG
_hprozim
999 _c27630
_d27630